If you need to build, you need a chartered quantity surveyor (Record no. 114319)

MARC details
000 -LEADER
fixed length control field 00582cam a22001815a 4500
001 - CONTROL NUMBER
control field L156610
008 - FIXED-LENGTH DATA ELEMENTS--GENERAL INFORMATION
fixed length control field 120612n xxk f 000 0 eng d
035 ## - SYSTEM CONTROL NUMBER
System control number (Sirsi) u156610
041 0# - LANGUAGE CODE
Language code of text/sound track or separate title eng
110 2# - MAIN ENTRY--CORPORATE NAME
Corporate name or jurisdiction name as entry element Royal Institution of Chartered Surveyors
Subordinate unit Irish Branch
9 (RLIN) 2370
245 00 - TITLE STATEMENT
Title If you need to build, you need a chartered quantity surveyor
260 ## - PUBLICATION, DISTRIBUTION, ETC.
Place of publication, distribution, etc. Dublin
Name of publisher, distributor, etc. RICS
Date of publication, distribution, etc. [199?]
300 ## - PHYSICAL DESCRIPTION
Extent 7 p.
Other physical details col. ill.
Dimensions 30 cm.
520 ## - SUMMARY, ETC.
Summary, etc. Sets out the benefits of using a chartered quantity surveyor.
651 #4 - SUBJECT ADDED ENTRY--GEOGRAPHIC NAME
Geographic name Ireland (Island of)
690 ## - LOCAL SUBJECT ADDED ENTRY--TOPICAL TERM (OCLC, RLIN)
Topical term or geographic name as entry element Quantity surveying
9 (RLIN) 6263
942 ## - ADDED ENTRY ELEMENTS (KOHA)
Suppress in OPAC 0
Holdings
Withdrawn status Lost status Source of classification or shelving scheme Damaged status Not for loan Home library Current library Shelving location Date acquired Total Checkouts Full call number Barcode Date last seen Copy number Price effective from Koha item type
    Dewey Decimal Classification     London London RICS Boxes 12/06/2012   RICS 1990/118 30076523 06/08/2019 1 06/08/2019 Archive